[Event "BAN-chB (Women) 41st"]
[Site "Dhaka"]
[Date "2022.11.08"]
[Round "2"]
[White "Ashiya, Sultana"]
[Black "Omnia Binta Yusuf, Lubaba"]
[Result "0-1"]
[WhiteElo "1277"]
[BlackElo "1676"]
[PlyCount "104"]
[EventDate "2022.11.07"]
[EventType "swiss"]
[EventRounds "8"]
[EventCountry "BAN"]
[SourceTitle "EXT 2024"]
[Source "ChessBase"]
[SourceDate "2023.10.10"]
[SourceVersion "1"]
[SourceVersionDate "2023.10.10"]
[SourceQuality "1"]

1. d4 Nf6 2. Bf4 e6 3. a3 d5 4. Nf3 Bd6 5. Ne5 Nbd7 6. e3 0-0 7. Be2 Qe7 8. 0-0 c5 9. c3 Nb8 10. Re1 b6 11. Bb5 Bb7 12. Nd2 a6 13. Be2 c4 14. b3 b5 15. b4 Ne4 16. Nxe4 dxe4 17. f3 f6 18. Ng4 Bxf4 19. exf4 f5 20. Ne5 Nd7 21. g3 Nf6 22. Qc2 a5 23. a4 exf3 24. Bxf3 Bxf3 25. Nxf3 Ne4 26. Qb2 axb4 27. cxb4 bxa4 28. Qa3 Rfb8 29. Rab1 c3 30. Re2 Qd6 31. Rc2 Rc8 32. Qa2 Qd5 33. Qxd5 exd5 34. Ne5 a3 35. b5 a2 36. Ra1 Ra5 37. Nc6 Rxb5 38. Ne7+ Kf8 39. Nxc8 Rb1+ 40. Rc1 Rxa1 41. Rxa1 c2 42. Rc1 Nd2 43. Nd6 Nb3 44. Re1 c1Q 45. Kf2 Qxe1+ 46. Kxe1 a1Q+ 47. Kf2 Qxd4+ 48. Ke2 Nc1+ 49. Ke1 Qe3+ 50. Kd1 Nb3 51. Kc2 Nd4+ 52. Kb2 Qb3+ 0-1

[Event "Dhaka Laila Alam Cup (Women) 12th"]
[Site "Dhaka"]
[Date "2022.05.11"]
[Round "7"]
[White "Mim, Akter"]
[Black "Ashiya, Sultana"]
[Result "0-1"]
[WhiteElo "1039"]
[BlackElo "1283"]
[PlyCount "74"]
[EventDate "2022.05.05"]
[EventType "swiss"]
[EventRounds "7"]
[EventCountry "BAN"]
[SourceTitle "CBM 208 Extra"]
[Source "ChessBase"]
[SourceDate "2022.07.31"]
[SourceVersion "1"]
[SourceVersionDate "2022.07.31"]
[SourceQuality "1"]

1. e4 e5 2. Nc3 Bc5 3. Qf3 Nf6 4. d3 d6 5. Be2 Nc6 6. Qg3 0-0 7. Bh6 g6 8. Bxf8 Qxf8 9. Nf3 Nd4 10. 0-0-0 Bb4 11. Nxd4 exd4 12. Nd5 Nxd5 13. exd5 Qh6+ 14. f4 Qg7 15. Rhf1 f5 16. a3 Bc5 17. Rd2 Bd7 18. h4 h5 19. Bf3 a5 20. Bxh5 gxh5 21. Qxg7+ Kxg7 22. g4 fxg4 23. f5 Kf6 24. Kd1 c6 25. dxc6 Bxc6 26. Re2 Bf3 27. Ke1 Bxe2 28. Kxe2 Re8+ 29. Kd2 Re5 30. Ra1 Rxf5 31. b4 axb4 32. a4 Rf2+ 33. Kc1 Rf1+ 34. Kb2 Rxa1 35. Kxa1 g3 36. Kb1 g2 37. a5 g1Q+ 0-1